000 00599nam a2200217Ia 4500
005 20241129105858.0
008 241129s9999||||xx |||||||||||||| ||und||
020 _a978-81-7479-228-0
037 _aTB
040 _aARTS
_beng
_cARTS
041 _aeng
_2eng
084 _aV2:71 R3
_qARTS
100 _aDhiman Kiran Au.
_9726559
245 0 _aIndus civilization :art and motifs
_cDhiman Kiran Au.
260 _aNew Delhi, India
_bNew Kaveri Books
_c2020
300 _axx,233p.
365 _aINR
_b3500
650 _aHistory-India
942 _cTB
_hV2:71 R3
999 _c1226402
_d1226402